Sports Quiz

Random Sports Quiz

Dodgerfilms Real Names Quiz Stats

 Plays Quiz not verified by Sporcle

Also try: Matt Millen Picks
Challenge
Share
Tweet
Embed
Score 0/24 Timer 05:00
6 Plays Today
Hint Answer % Correct
Ciara's BoyfriendJeff
82.7%
Card ShopEric
70.4%
FireballJimmy
65%
LumpyBenny
63.8%
SpidermanAustin
63.7%
Fernando's FriendGio
62.3%
Ms. Michael MyersAlondra
55.2%
Lil KershRyan
50.3%
Bradley CooperErik
47.4%
Bronx BeastJustin
45.3%
Uncle SamChris
42.5%
Red ShortsAngel
39.6%
Hint Answer % Correct
Christmas SweaterRiley
36.2%
Captain AmericaJulio
35.7%
T-MobileMatt
32.3%
Ocean ViewRonnie
32.1%
Superman/SoupLouis
30.1%
BatmanDaniel
27.5%
JeterEli
27.3%
Baby A-GonRaul
26.3%
Diving Padres FanTaylor
25.7%
PusherNick
25.3%
Graybeard/GraybushShane
24%
MoboAlejandro
23.2%

You're not logged in!

Compare scores with friends on all Sporcle quizzes.
Join for Free
OR
Log In

You Might Also Like...

Show Comments

Extras

Created Dec 30, 2016ReportNominate
Tags:softball

Top Quizzes Today


Score Distribution

Your Account Isn't Verified!

In order to create a playlist on Sporcle, you need to verify the email address you used during registration. Go to your Sporcle Settings to finish the process.

Report this User

Report this user for behavior that violates our Community Guidelines.

Details: